| 000 | 00481cam a2200193ua 4500 | ||
|---|---|---|---|
| 001 | 2656 | ||
| 008 | 110909n ii |||gr||||Z||||||asm | ||
| 040 | _cMAIN | ||
| 082 | _a891.4512 | ||
| 100 |
_aChoudhury, Perasanalal, _eAuthor. |
||
| 245 | 1 | 1 |
_aNeelambar _cby Prasanalal Choudhury |
| 250 | _a5th. | ||
| 260 |
_aNalbari: _bDutta baruah and company,969. |
||
| 300 | _a135p:9cm. | ||
| 653 | _aAssamese drama | ||
| 653 | _aAssamese literture | ||
| 653 | _aNeelambar | ||
| 942 | _cBK | ||
| 999 |
_c2507 _d2507 |
||